Welcome to CU Library Online Public Access Catalogue (OPAC)

ECUMENICAL FAITH IN EVANGELICAL PERSPECTIVE (Record no. 6632)

MARC details
000 -LEADER
fixed length control field 00396nam a22001457a 4500
005 - DATE AND TIME OF LATEST TRANSACTION
control field 20250623130113.0
008 - FIXED-LENGTH DATA ELEMENTS--GENERAL INFORMATION
fixed length control field 250623b |||||||| |||| 00| 0 eng d
020 ## - INTERNATIONAL STANDARD BOOK NUMBER
International Standard Book Number 0802806686
050 ## - LIBRARY OF CONGRESS CALL NUMBER
Classification number BR1640
Item number FAC
100 ## - MAIN ENTRY--PERSONAL NAME
Personal name FACKRE GABRIEL
245 ## - TITLE STATEMENT
Title ECUMENICAL FAITH IN EVANGELICAL PERSPECTIVE
260 ## - PUBLICATION, DISTRIBUTION, ETC.
Place of publication, distribution, etc. MICHIGAN
Name of publisher, distributor, etc. WB EERDMANS PUBLISHING COMPANY
Date of publication, distribution, etc. c1993
300 ## - PHYSICAL DESCRIPTION
Extent x, 230p
942 ## - ADDED ENTRY ELEMENTS (KOHA)
Source of classification or shelving scheme Library of Congress Classification
Koha item type Books
Suppress in OPAC No
999 ## -
-- 6632
-- 6632
Holdings
Withdrawn status Lost status Source of classification or shelving scheme Damaged status Not for loan Collection Home library Current library Shelving location Date acquired Total checkouts Full call number Barcode Date last seen Copy number Price effective from Koha item type
    Library of Congress Classification     Non-fiction Undergraduate Library (Christ Temple) Undergraduate Library (Christ Temple) General stacks 06/23/2025   BR1640 FAC ulct00003478 06/23/2025 1 06/23/2025 Books
© 2023-2024 Copyright: Central University Libraries. All Rights Reserved | Created by: Mahone Tech Office